Normal view
MARC view
Entry Personal Name
001 - CONTROL NUMBER
- control field: 873163
003 - CONTROL NUMBER IDENTIFIER
- control field: OSt
005 - DATE AND TIME OF LATEST TRANSACTION
- control field: 20260114185704.0
008 - FIXED-LENGTH DATA ELEMENTS
- fixed length control field: 260114|| aca||aabn | a|a d
040 ## - CATALOGING SOURCE
- Original cataloging agency: OSt
- Transcribing agency: OSt
100 ## - HEADING--PERSONAL NAME
- Personal name: Margaret Pawley
670 ## - SOURCE DATA FOUND
- Source citation: Work cat.: (OSt)1472111: Margaret Pawley, The Watch on the Rhine The Military Occupation of the Rhineland, 2007
